Precario: casos y jurisprudencia
שמור ב:
| מחבר ראשי: | |
|---|---|
| פורמט: | ספר |
| שפה: | ספרדית |
| יצא לאור: |
Santiago
Thomson Reuters Puntolex
2010
|
| נושאים: | |
| תגים: |
הוספת תג
אין תגיות, היה/י הראשונ/ה לתייג את הרשומה!
|
MARC
| LEADER | 00000cam a2200000 a 4500 | ||
|---|---|---|---|
| 001 | UCF4751 | ||
| 003 | CL-VaPUC | ||
| 008 | 121220e20100000CL |||||||||||||||||spa|d | ||
| 020 | |a 9789563370119 | ||
| 082 | 0 | 4 | |a 346.02 |b ZAV |2 21 |
| 100 | 0 | |a Zavala Ortiz, José Luis |e author |9 566352 | |
| 245 | 1 | 0 | |a Precario: casos y jurisprudencia |
| 300 | |a 371 p | ||
| 942 | |c BK | ||
| 945 | |d 20121220 00:00:00 |a dcastane | ||
| 260 | |a Santiago |b Thomson Reuters Puntolex |c 2010 | ||
| 650 | 7 | |a PRESTAMOS |2 CL-VaPUC |9 359045 | |
| 650 | 0 | |a Contratos reales |9 258716 | |
| 650 | 0 | |a Derecho civil |9 255013 | |
| 650 | 0 | |a Precario |9 566353 | |
| 583 | |a last modification |c 20121220 10:25:00 |k Rodrigo Vera | ||
| 999 | |c 350455 |d 350453 | ||
| 952 | |0 0 |1 0 |4 0 |6 346_020000000000000_ZAV_2010 |7 0 |8 A |9 453781 |a BIBDER |b BIBDER |d 2019-11-22 |i 4933842 |o 346.02 ZAV 2010 |p 4933842 |r 2023-01-25 |w 2019-11-22 |y BK |k DER | ||